| 000 | 01117nam0a22002771 4500 | ||
|---|---|---|---|
| 001 | rc\2248612 | ||
| 005 | 20260406165821.0 | ||
| 035 | _a(NLR Aleph) 006498584 | ||
| 090 |
_a6207333 _c6207333 |
||
| 100 | _a20110829d1978 |||y0rusy50 ca | ||
| 101 | 0 | _arus | |
| 102 | _aRU | ||
| 105 | _aa z ||||| | ||
| 200 | 1 |
_aФункции и графики _fИ.М. Гельфанд, Е.Г. Глаголева, Э.Э. Шноль |
|
| 210 |
_aМосква _cБ. и. _d1978 |
||
| 215 |
_a101 с. _cил. _d20 |
||
| 225 | 1 |
_aМетодические разработки для учащихся ВЗМШ _fАПН СССР, Всесоюз. заоч. мат. школа |
|
| 700 | 1 |
_aГельфанд _bИ.М. _f1913- _gИзраиль Моисеевич |
|
| 701 | 1 |
_aГлаголева _bЕ.Г. _gЕлена Георгиевна |
|
| 701 | 1 |
_aШноль _bЭ.Э. _gЭммануил Эльевич |
|
| 712 | 0 | 2 |
_aВсесоюзная заочная математическая школа _3RU\NLR\AUTH\889937136 _9369050 |
| 801 | 0 |
_aRU _bNLR _gpsbo |
|
| 801 | 1 |
_aRU _bELAR _2rusmarc |
|
| 852 |
_aNLR _j79-3/10405 |
||
| 942 | _cBOOK | ||
| 980 | _aNB | ||